Plachá laň stráca bojazlivosť Základný zahraničný kapitál sa oproti minulému roku zvýšil o 53,8 percenta

Zvýšenie hodnoty základného zahraničného kapitálu vloženého do našich podnikov sa v porovnaní s r.1994 zvýšila o 53,8 perc. Poradie krajín, ktoré sú hlavnými investormi na Slovensku: Nemecko, Rakúsko, ČR, USA a Francúzsko. Podmienky umiestňovania zahraničného kapitálu v našej ekonomike. Priaznivý vý...

Description complète

Enregistré dans:
Détails bibliographiques
Auteur principal: Schneider, O.
Format: Chapitre de livre
Langue:slovaque
Sujets:
Tags: Ajouter un tag
Pas de tags, Soyez le premier à ajouter un tag!

MARC

LEADER 00000naa a2200000 4500
001 r017182
005 20221213100533.2
041 0 |a slo 
044 |a SK 
245 1 0 |a Plachá laň stráca bojazlivosť  |b Základný zahraničný kapitál sa oproti minulému roku zvýšil o 53,8 percenta  |c O. Schneider 
520 |a Zvýšenie hodnoty základného zahraničného kapitálu vloženého do našich podnikov sa v porovnaní s r.1994 zvýšila o 53,8 perc. Poradie krajín, ktoré sú hlavnými investormi na Slovensku: Nemecko, Rakúsko, ČR, USA a Francúzsko. Podmienky umiestňovania zahraničného kapitálu v našej ekonomike. Priaznivý vývoj hospodárskych ukazovateľov Slovenska. Pomoc USA Slovenskej republike. 
610 2 0 |a kapitál zahraničný 
610 2 0 |a kapitál základný 
610 2 0 |a Slovensko 
610 2 0 |a investície zahraničné 
610 2 0 |a ukazovatele ekonomické 
610 2 0 |a 1994 
610 2 0 |a pomoc zahraničná 
610 2 0 |a USA 
100 1 |a Schneider, O.